<?xml version="1.0" encoding="UTF-8"?><?xml-stylesheet type="text/xsl" href="static/style.xsl"?><OAI-PMH xmlns="http://www.openarchives.org/OAI/2.0/" xmlns:xsi="http://www.w3.org/2001/XMLSchema-instance" xsi:schemaLocation="http://www.openarchives.org/OAI/2.0/ http://www.openarchives.org/OAI/2.0/OAI-PMH.xsd"><responseDate>2026-04-17T06:48:36Z</responseDate><request verb="GetRecord" identifier="oai:www.recercat.cat:11351/12462" metadataPrefix="marc">https://recercat.cat/oai/request</request><GetRecord><record><header><identifier>oai:recercat.cat:11351/12462</identifier><datestamp>2025-10-24T10:37:40Z</datestamp><setSpec>com_2072_378070</setSpec><setSpec>com_2072_378040</setSpec><setSpec>col_2072_378092</setSpec></header><metadata><record xmlns="http://www.loc.gov/MARC21/slim" xmlns:dcterms="http://purl.org/dc/terms/" xmlns:xsi="http://www.w3.org/2001/XMLSchema-instance" xmlns:doc="http://www.lyncode.com/xoai" xsi:schemaLocation="http://www.loc.gov/MARC21/slim http://www.loc.gov/standards/marcxml/schema/MARC21slim.xsd">
   <leader>00925njm 22002777a 4500</leader>
   <datafield ind2=" " ind1=" " tag="042">
      <subfield code="a">dc</subfield>
   </datafield>
   <datafield ind2=" " ind1=" " tag="720">
      <subfield code="a">Bielsa Carrafa, Anna</subfield>
      <subfield code="e">author</subfield>
   </datafield>
   <datafield ind2=" " ind1=" " tag="720">
      <subfield code="a">Ribases, Marta</subfield>
      <subfield code="e">author</subfield>
   </datafield>
   <datafield ind2=" " ind1=" " tag="720">
      <subfield code="a">Hervas, Amaia</subfield>
      <subfield code="e">author</subfield>
   </datafield>
   <datafield ind2=" " ind1=" " tag="720">
      <subfield code="a">Bosch, Rosa</subfield>
      <subfield code="e">author</subfield>
   </datafield>
   <datafield ind2=" " ind1=" " tag="720">
      <subfield code="a">Gastaminza, Xavier</subfield>
      <subfield code="e">author</subfield>
   </datafield>
   <datafield ind2=" " ind1=" " tag="720">
      <subfield code="a">Casas Brugué, Miquel</subfield>
      <subfield code="e">author</subfield>
   </datafield>
   <datafield ind2=" " ind1=" " tag="720">
      <subfield code="a">Ramos-Quiroga, Josep Antoni</subfield>
      <subfield code="e">author</subfield>
   </datafield>
   <datafield ind2=" " ind1=" " tag="260">
      <subfield code="c">2025-01-22T13:05:54Z</subfield>
   </datafield>
   <datafield ind2=" " ind1=" " tag="260">
      <subfield code="c">2025-01-22T13:05:54Z</subfield>
   </datafield>
   <datafield ind2=" " ind1=" " tag="260">
      <subfield code="c">2009-01</subfield>
   </datafield>
   <datafield ind2=" " ind1=" " tag="520">
      <subfield code="a">Serotoninergic system; Adults; Attention-deficit-hyperactivity disorder</subfield>
   </datafield>
   <datafield ind2=" " ind1=" " tag="520">
      <subfield code="a">Sistema serotoninérgico; Adultos; Trastorno por déficit de atención e hiperactividad</subfield>
   </datafield>
   <datafield ind2=" " ind1=" " tag="520">
      <subfield code="a">Sistema serotoninèrgic; Adults; Trastorn per dèficit d'atenció i hiperactivitat</subfield>
   </datafield>
   <datafield ind2=" " ind1=" " tag="520">
      <subfield code="a">Attention-deficit/hyperactivity disorder (ADHD) is a common psychiatric disorder in which different genetic and environmental susceptibility factors are involved. Several lines of evidence support the view that at least 30% of ADHD patients diagnosed in childhood continue to suffer the disorder during adulthood and that genetic risk factors may play an essential role in the persistence of the disorder throughout lifespan. Genetic, biochemical and pharmacological studies support the idea that the serotonin system participates in the etiology of ADHD. Based on these data, we aimed to analyze single nucleotide polymorphisms across 19 genes involved in the serotoninergic neurotransmission in a clinical sample of 451 ADHD patients (188 adults and 263 children) and 400 controls using a population-based association study. Several significant associations were found after correcting for multiple testing: (1) the DDC gene was strongly associated with both adulthood (P=0.00053; odds ratio (OR)=2.17) and childhood ADHD (P=0.0017; OR=1.90); (2) the MAOB gene was found specifically associated in the adult ADHD sample (P=0.0029; OR=1.90) and (3) the 5HT2A gene showed evidence of association only with the combined ADHD subtype both in adults (P=0.0036; OR=1.63) and children (P=0.0084; OR=1.49). Our data support the contribution of the serotoninergic system in the genetic predisposition to ADHD, identifying common childhood and adulthood ADHD susceptibility factors, associations that are specific to ADHD subtypes and one variant potentially involved in the continuity of the disorder throughout lifespan.</subfield>
   </datafield>
   <datafield ind2=" " ind1=" " tag="520">
      <subfield code="a">Financial support was received from ‘Instituto de Salud Carlos III-FIS’ (PI041267, PI042010, PI040524). SNP genotyping services were provided by the Spanish ‘Centro Nacional de Genotipado’ (CEGEN; www.cegen.org).</subfield>
   </datafield>
   <datafield ind1="8" ind2=" " tag="024">
      <subfield code="a">http://hdl.handle.net/11351/12462</subfield>
   </datafield>
   <datafield tag="653" ind2=" " ind1=" ">
      <subfield code="a">Trastorn per dèficit d'atenció amb hiperactivitat - Aspectes genètics</subfield>
   </datafield>
   <datafield tag="653" ind2=" " ind1=" ">
      <subfield code="a">Serotonina - Receptors</subfield>
   </datafield>
   <datafield tag="653" ind2=" " ind1=" ">
      <subfield code="a">PSYCHIATRY AND PSYCHOLOGY::Mental Disorders::Neurodevelopmental Disorders::Attention Deficit and Disruptive Behavior Disorders::Attention Deficit Disorder with Hyperactivity</subfield>
   </datafield>
   <datafield tag="653" ind2=" " ind1=" ">
      <subfield code="a">CHEMICALS AND DRUGS::Amino Acids, Peptides, and Proteins::Proteins::Membrane Proteins::Receptors, Cell Surface::Receptors, Biogenic Amine::Receptors, Serotonin</subfield>
   </datafield>
   <datafield tag="653" ind2=" " ind1=" ">
      <subfield code="a">Other subheadings::Other subheadings::Other subheadings::/genetics</subfield>
   </datafield>
   <datafield tag="653" ind2=" " ind1=" ">
      <subfield code="a">PHENOMENA AND PROCESSES::Genetic Phenomena::Genotype::Genetic Predisposition to Disease</subfield>
   </datafield>
   <datafield tag="653" ind2=" " ind1=" ">
      <subfield code="a">PSIQUIATRÍA Y PSICOLOGÍA::trastornos mentales::trastornos del desarrollo neurológico::trastornos conductuales disruptivos y déficit de atención::trastornos de déficit de atención con hiperactividad</subfield>
   </datafield>
   <datafield tag="653" ind2=" " ind1=" ">
      <subfield code="a">COMPUESTOS QUÍMICOS Y DROGAS::aminoácidos, péptidos y proteínas::proteínas::proteínas de membranas::receptores de superficie celular::receptores de aminas biógenas::receptores de serotonina</subfield>
   </datafield>
   <datafield tag="653" ind2=" " ind1=" ">
      <subfield code="a">Otros calificadores::Otros calificadores::Otros calificadores::/genética</subfield>
   </datafield>
   <datafield tag="653" ind2=" " ind1=" ">
      <subfield code="a">FENÓMENOS Y PROCESOS::fenómenos genéticos::genotipo::predisposición genética a la enfermedad</subfield>
   </datafield>
   <datafield ind2="0" ind1="0" tag="245">
      <subfield code="a">Exploration of 19 serotoninergic candidate genes in adults and children with attention-deficit/hyperactivity disorder identifies association for 5HT2A, DDC and MAOB</subfield>
   </datafield>
</record></metadata></record></GetRecord></OAI-PMH>